Missing Word: Harry Potter Chapters Book 2 Quiz Stats

 Plays Quiz Updated Mar 7, 2019

Score 0/16 Timer 03:00
0 Plays Today
Chapter Title Missing Word % Correct
The Polyjuice ____Potion
93.1%
Gilderoy ____Lockhart
92%
The ____ of SecretsChamber
91.6%
The Heir of ____Slytherin
88.4%
The ____ WillowWhomping
86.8%
____ FudgeCornelius
84.1%
The ____ on the WallWriting
81.6%
At Flourish and ____Blotts
80.6%
Chapter Title Missing Word % Correct
The Deathday ____Party
77.4%
The Duelling ____Club
72.8%
The ____ BludgerRogue
67.3%
The Very ____ DiarySecret
54.8%
Dobby's ____Warning
54.6%
The ____ BirthdayWorst
54.2%
____ and MurmursMudbloods
42.9%
Dobby's ____Reward
34.4%

Today's Daily Dose

You're not logged in!

Compare scores with friends on all Sporcle quizzes.
OR
Log In

Sporcle TV

Today on Sporcle TV


Watch our educational content, quiz creation guides, and fun videos on Sporcle TV.

Show Comments

Extras

Top Quizzes Today


Score Distribution

Your Account Isn't Verified!

In order to create a playlist on Sporcle, you need to verify the email address you used during registration. Go to your Sporcle Settings to finish the process.

Report this User

Report this user for behavior that violates our Community Guidelines.

Details: